Fundamentals and modeling of separation processes : absorption, distillation, evaporation, and extraction /

Guardado en:
Autor Principal: Holland, Charles Donald.
Formato: Libro
Idioma:English
Publicado: Englewood Cliffs, N.J. : Prentice-Hall, [1974, c1975]
Series:Prentice-Hall international series in the physical and chemical engineering sciences
Materias:
Etiquetas: Agregar Etiqueta
Sin Etiquetas, Sea el primero en etiquetar este registro!
LEADER 00916pam a22002175a 4500
001 EIQ.libpla002836
008 740508t19741975njua#####b####001#0#eng#d
005 20070831151827.0
245 1 0 |a Fundamentals and modeling of separation processes :  |b absorption, distillation, evaporation, and extraction /  |c [by] Charles D. Holland. 
260 |a Englewood Cliffs, N.J. :  |b Prentice-Hall,  |c [1974, c1975] 
300 |a xv, 430 p. :  |b il. ;  |c 24 cm. 
490 0 |a Prentice-Hall international series in the physical and chemical engineering sciences 
504 |a Incluye referencias bibliográficas e índice. 
020 |a 0133443906 
100 1 |a Holland, Charles Donald. 
082 0 0 |a 660.2/842 
650 0 |a Separación (Tecnología)  |x Modelos matemáticos. 
650 0 |a Separation (Technology)  |x Mathematical models. 
010 |a  74008872  
040 |a DLC  |c DLC  |d AR-BbSID 
859 |a AR-BbSID  |b BIB. PLAPIQUI  |h 660.284 2  |i H 719  |p 941